000
00402nam a2200145Ia 4500
008
090124s9999 xx 000 0 und d
082
_b
201269
245
_a
च्ंािंतनिका
250
_a
1
260
_b
भागवत दुर्गा
_c
1968
300
_a
154
630
_a
च्ंािंतनिका
730
_a
च्ंािंतनिका
942
_c
BOOK
999
_c
182850
_d
182850